[Event "HUN-chT2 Toth 0910"]
[Site "Hungary"]
[Date "2009.11.22"]
[Round "2.9"]
[White "Makay, Andor"]
[Black "Visnyei, Illes"]
[Result "0-1"]
[WhiteElo "1875"]
[BlackElo "2086"]
[PlyCount "80"]
[EventDate "2009.11.08"]
[EventType "team-tourn"]
[EventRounds "11"]
[EventCountry "HUN"]
[SourceTitle "EXT 2011"]
[Source "ChessBase"]
[SourceDate "2010.11.26"]
[SourceVersion "1"]
[SourceVersionDate "2010.11.26"]
[SourceQuality "1"]
[WhiteTeam "Szentes Spartacus"]
[BlackTeam "Bekes"]
[WhiteTeamCountry "HUN"]
[BlackTeamCountry "HUN"]

1. c4 e5 2. Nc3 Nf6 3. d3 h6 4. a3 Nc6 5. e3 d6 6. Be2 Be7 7. Nd5 Nxd5 8. cxd5 Nb8 9. Nf3 0-0 10. 0-0 c5 11. Bd2 b6 12. b4 f5 13. e4 f4 14. Qb3 Kh7 15. Kh1 g5 16. Ng1 Nd7 17. g4 Nf6 18. f3 h5 19. h3 Kg6 20. Kg2 Rh8 21. Rf2 Bd7 22. b5 a6 23. bxa6 b5 24. Qb2 Rxa6 25. Ra2 Qa8 26. Bc1 Ra5 27. Bd1 Qb7 28. Qa1 Bd8 29. Rfb2 Bb6 30. Bd2 Ra6 31. Qb1 Qa7 32. Ne2 hxg4 33. Nc3 gxf3+ 34. Bxf3 Bxh3+ 35. Kg1 c4+ 36. Be3 Bxe3+ 37. Rf2 Rxa3 38. Bg2 Bxf2+ 39. Kf1 Bxg2+ 40. Kxg2 f3+ 0-1

[Event "HUN-chT2 Toth 0809"]
[Site "Hungary"]
[Date "2009.02.22"]
[Round "8.5"]
[White "Rozsnyai, Tamas"]
[Black "Visnyei, Illes"]
[Result "1/2-1/2"]
[WhiteElo "2127"]
[BlackElo "2118"]
[PlyCount "60"]
[EventDate "2008.10.26"]
[EventType "team-tourn"]
[EventRounds "11"]
[EventCountry "HUN"]
[SourceTitle "EXT 2010"]
[Source "ChessBase"]
[SourceDate "2010.11.25"]
[SourceVersion "1"]
[SourceVersionDate "2010.11.25"]
[SourceQuality "1"]
[WhiteTeam "Mako II"]
[BlackTeam "Bekes"]
[WhiteTeamCountry "HUN"]
[BlackTeamCountry "HUN"]

1. c4 e5 2. Nc3 d6 3. g3 Nc6 4. Bg2 Be6 5. b3 g6 6. e3 Bg7 7. Bb2 Nge7 8. Nf3 Bg4 9. h3 Bd7 10. 0-0 0-0 11. d4 Qc8 12. Kh2 exd4 13. exd4 Nf5 14. Ne2 a5 15. Qd2 Nce7 16. Bc3 b6 17. Rad1 Bc6 18. d5 Bd7 19. Bxg7 Nxg7 20. Nc3 Qb7 21. Nd4 Rae8 22. Ne4 f5 23. Ng5 Qc8 24. Rfe1 Rf6 25. Qc3 Rff8 26. Re2 h6 27. Rde1 hxg5 28. Rxe7 Rxe7 29. Rxe7 Rf7 30. Re1 Nh5 1/2-1/2

[Event "HUN-chT2 Toth 0809"]
[Site "Hungary"]
[Date "2009.02.08"]
[Round "7.5"]
[White "Prorok, Marton"]
[Black "Visnyei, Illes"]
[Result "1-0"]
[WhiteElo "2036"]
[BlackElo "2118"]
[PlyCount "53"]
[EventDate "2008.10.26"]
[EventType "team-tourn"]
[EventRounds "11"]
[EventCountry "HUN"]
[SourceTitle "EXT 2010"]
[Source "ChessBase"]
[SourceDate "2010.11.25"]
[SourceVersion "1"]
[SourceVersionDate "2010.11.25"]
[SourceQuality "1"]
[WhiteTeam "Mezobereny"]
[BlackTeam "Bekes"]
[WhiteTeamCountry "HUN"]
[BlackTeamCountry "HUN"]

1. e4 e6 2. f4 d5 3. e5 c5 4. Nf3 Nc6 5. c3 c4 6. d3 cxd3 7. Be3 Nh6 8. Bxd3 Be7 9. Nbd2 0-0 10. Qc2 g6 11. h4 Ng4 12. Bg1 Kg7 13. h5 Bd7 14. 0-0-0 Rc8 15. a3 a6 16. Kb1 b5 17. Nd4 Nxd4 18. Bxd4 Bc5 19. Bxc5 Rxc5 20. Nb3 Rc8 21. Qe2 Nh6 22. hxg6 hxg6 23. g4 Qb6 24. g5 Nf5 25. Bxf5 exf5 26. Rh7+ Kxh7 27. Qh2+ 1-0

[Event "HUN-chT2 Toth 0809"]
[Site "Hungary"]
[Date "2009.01.25"]
[Round "6.5"]
[White "Visnyei, Illes"]
[Black "Hajagos, Janos"]
[Result "1-0"]
[WhiteElo "2118"]
[BlackElo "2034"]
[PlyCount "143"]
[EventDate "2008.10.26"]
[EventType "team-tourn"]
[EventRounds "11"]
[EventCountry "HUN"]
[SourceTitle "EXT 2010"]
[Source "ChessBase"]
[SourceDate "2010.11.25"]
[SourceVersion "1"]
[SourceVersionDate "2010.11.25"]
[SourceQuality "1"]
[WhiteTeam "Bekes"]
[BlackTeam "Takisz"]
[WhiteTeamCountry "HUN"]
[BlackTeamCountry "HUN"]

1. e4 c5 2. Nc3 d6 3. Nf3 Nc6 4. h3 Nf6 5. Bc4 e6 6. d4 cxd4 7. Nxd4 a6 8. a4 Qa5 9. 0-0 Be7 10. Nb3 Qc7 11. Bf4 b6 12. Qe2 0-0 13. Rfd1 Ne5 14. Bd3 Bb7 15. Rac1 Rfe8 16. Bg3 Nc6 17. Re1 Bf8 18. Qf1 Nd7 19. Be2 Nb4 20. f3 Rac8 21. Red1 Nf6 22. Rd2 Be7 23. Rcd1 Rcd8 24. Nb1 Qc6 25. Nc3 Qc7 26. Bd3 e5 27. Bf2 Nxd3 28. Rxd3 Bc6 29. Kh2 Qb7 30. Qg1 Rb8 31. g4 Qc7 32. R1d2 b5 33. a5 b4 34. Bb6 Qb7 35. Na2 Bb5 36. Re3 Nd7 37. g5 Nxb6 38. axb6 Qxb6 39. Nxb4 Bc4 40. Nd5 Bxd5 41. Rxd5 Rbc8 42. Re2 Qxg1+ 43. Kxg1 Rc6 44. h4 f6 45. gxf6 Bxf6 46. h5 Rec8 47. c3 Rb6 48. Nc1 Kf7 49. Nd3 Be7 50. Kg2 Bg5 51. Kg3 Ke6 52. Kg4 Bf6 53. Re1 Rb5 54. Rxb5 axb5 55. Ra1 Rc7 56. Ra6 Kd7 57. Nb4 Rb7 58. Nd5 Bd8 59. Kf5 Be7 60. Ra8 Bd8 61. Nb4 g6+ 62. hxg6 hxg6+ 63. Kxg6 Bh4 64. Kf5 Be1 65. Rh8 Bd2 66. Nd3 Rb6 67. Rh7+ Kd8 68. Ke6 b4 69. Nxb4 Kc8 70. Rh8+ Kb7 71. Rd8 Be1 72. Nd3 1-0

[Event "HUN-chT2 Toth 0809"]
[Site "Hungary"]
[Date "2008.12.21"]
[Round "4.5"]
[White "Visnyei, Illes"]
[Black "Sakic, Simeon"]
[Result "1-0"]
[WhiteElo "2118"]
[BlackElo "1983"]
[PlyCount "99"]
[EventDate "2008.10.26"]
[EventType "team-tourn"]
[EventRounds "11"]
[EventCountry "HUN"]
[SourceTitle "EXT 2010"]
[Source "ChessBase"]
[SourceDate "2010.11.25"]
[SourceVersion "1"]
[SourceVersionDate "2010.11.25"]
[SourceQuality "1"]
[WhiteTeam "Bekes"]
[BlackTeam "Szentes"]
[WhiteTeamCountry "HUN"]
[BlackTeamCountry "HUN"]

1. e4 e5 2. Nc3 Nc6 3. Bc4 Nf6 4. Nf3 Bc5 5. 0-0 d6 6. h3 Be6 7. Bb3 0-0 8. d3 h6 9. Bxe6 fxe6 10. Ne2 Nh5 11. c3 Qf6 12. Be3 Bxe3 13. fxe3 Qg6 14. Kh2 Rae8 15. Qb3 Nd8 16. Rf2 Re7 17. Raf1 Ref7 18. a4 a5 19. Qc2 c5 20. Qb3 Nf6 21. Kg1 Re7 22. Qb6 Nc6 23. Nd2 Qe8 24. d4 Qd8 25. Qb5 exd4 26. exd4 cxd4 27. cxd4 e5 28. Qc4+ Kh7 29. d5 Nb4 30. Nc3 Qb6 31. Kh1 Rc7 32. Qe2 Na6 33. Nb5 Rc2 34. Qd1 Rfc8 35. Qf3 Qd8 36. Qf5+ Kh8 37. b3 Rc1 38. Nc4 Rxf1+ 39. Rxf1 Nc5 40. Nbxd6 Rc7 41. Qg6 Kg8 42. Nf5 Nfxe4 43. Nxh6+ Kh8 44. Nf7+ Rxf7 45. Rxf7 Ne6 46. Qxe4 Ng5 47. Qh4+ Kg8 48. Rf5 Ne6 49. Qxd8+ Nxd8 50. Nxe5 1-0